Countries by maritime borders #1 - Statistics

General Stats
  • This quiz has been taken 49 times
  • The average score is 14 of 15
Answer Stats
Bordering countries Country % Correct
Sweden, Finland, Russia, Latvia Estonia
97%
Sweden, Denmark, Netherlands, Poland, United Kingdom, Germany
97%
China, North Korea, South Korea, United States, Philippines, Taiwan Japan
97%
Somalia, Djibouti, Eritrea, Saudi Arabia, Oman Yemen
95%
Israel, Lebanon, Syria, Turkey, United Kingdom, Egypt, Greece Cyprus
92%
Italy, Libya Malta
92%
Georgia, Romania, Russia, Turkey Ukraine
92%
Colombia, Ecuador, Nicaragua, Panama Costa Rica
90%
Suriname, Trinidad and Tobago, Venezuela Guyana
90%
Jamaica, United States, United Kingdom, Bahamas, Colombia, Cuba, Dominican Republic Haiti
90%
India, Iran, Oman Pakistan
90%
Denmark, Norway Iceland
87%
Tanzania, Comoros, France, Madagascar, Mauritius Seychelles
87%
Fiji, France, Solomon Islands Vanuatu
87%
The Gambia, Mauritania, Senegal Cape Verde
82%
No matching quizzes found
Score Distribution
Percent of People with Each Score
Percentile by Number Answered
Your Score History
You have not taken this quiz